000 00820cam a22002651 4500
001 22084
003 BD-RjUL
005 20211209000750.0
008 140306s1967 enkabf b 001 0 eng
020 _a0713501545
035 _a(BD-RjUL)22149
035 _a(OCoLC)287355
040 _aDLC
_cOAU
_dOCoLC
_dUk
_dDLC
_dBD-RjUL
_beng
041 _aeng
082 _a309.159
_bBUS 1970
100 1 _aBuchanan, Keith M.
_968194
245 1 4 _aThe Southeast Asian world :
_ban introductory essay /
_cby Keith Buchanan.
260 _aLondon :
_bBell,
_cc1967 [Reprinted 1970].
300 _a176 p. :
_b31 plates, maps, tables ;
_c23 cm.
504 _aIncludes bibliographical references ( p. 164-170) and index.
651 0 _aSoutheast Asia.
_968195
942 _2ddc
_cBK
999 _c22084
_d22084